|
|
|
|
| LEADER |
00000naa a2200000uu 4500 |
| 001 |
vtls011094094 |
| 003 |
SK-MaSNL |
| 005 |
20260302110622.0 |
| 008 |
210910|2015 xo |||||||||||||||||slo| |
| 015 |
|
|
|a SNBRA
|
| 035 |
|
|
|a (urnnbn)urn:nbn:sk:snk:ar-a0csut
|
| 035 |
|
|
|a (uuid)e6e915a4-0377-415c-994f-40ab50c8ff6e
|
| 035 |
|
|
|a urn:nbn:sk:snk-aavyie
|
| 040 |
|
|
|a SNKBUCL
|b slo
|c SNKBUCL
|e AACR2
|
| 041 |
0 |
|
|a slo
|
| 044 |
|
|
|a xo
|c SK
|
| 100 |
1 |
|
|a Baláž, Ivan,
|d 1948-
|4 aut
|9 189432
|
| 245 |
1 |
0 |
|a ANALÝZY VYUŽÍVAJÚCE VŠEOBECNÚ OHYBOVO-KRUTOVÚ TEÓRIU A ANALÓGIE S OHYBOM
|c Ivan Baláž
|
| 773 |
0 |
|
|t Statika stavieb 2015 : výpočty-sanácie-zosilňovanie-úpravy : zborník príspevkov z 20. konferencie : 12.-13. marec 2015, hotel Sorea Piešťany
|d Trnava] : Spolok statikov Slovenska, 2015
|g S. 144-151
|z 9788089655076
|
| 958 |
|
|
|a OND
|
| 958 |
|
|
|a article12
|
| 958 |
|
|
|a chapter
|
| 999 |
|
|
|c 1244173
|d 1246103
|